000 00475nam a2200169Ia 4500
999 _c16465
_d16465
003 OSt
005 20200606115923.0
008 190216s9999||||xx |||||||||||||| ||und||
040 _cMESKC library
082 _a891.433
_bKAL/C
100 _aKalia, Mamta
_9362
245 0 _aCharchit Kahaniyan /
_cMamta Kalia
260 _bSamayik Prakashan,
_aDelhi:
_c2006.
300 _a144p
650 _aHindi
942 _cBK
_2ddc
_h891.433
_iKAL/C
_k891.433
_mKAL/C